<?xml version="1.0" encoding="UTF-8"?>
<record
    xmlns:xsi="http://www.w3.org/2001/XMLSchema-instance"
    xsi:schemaLocation="http://www.loc.gov/MARC21/slim http://www.loc.gov/standards/marcxml/schema/MARC21slim.xsd"
    xmlns="http://www.loc.gov/MARC21/slim">

  <leader>01345nam a2200301 a 4500</leader>
  <controlfield tag="001">BRL_1940</controlfield>
  <controlfield tag="005">20190320211438.0</controlfield>
  <controlfield tag="008">190815s1980----mx-h######---#000-0#spa-#</controlfield>
  <datafield tag="020" ind1=" " ind2=" ">
    <subfield code="a">9682305691</subfield>
  </datafield>
  <datafield tag="041" ind1=" " ind2=" ">
    <subfield code="a">spa</subfield>
  </datafield>
  <datafield tag="044" ind1=" " ind2=" ">
    <subfield code="a">mx</subfield>
  </datafield>
  <datafield tag="050" ind1=" " ind2="4">
    <subfield code="a">F1219.56</subfield>
    <subfield code="b">.C63 1980</subfield>
  </datafield>
  <datafield tag="130" ind1="0" ind2=" ">
    <subfield code="a">C&#xF3;dice borb&#xF3;nico</subfield>
    <subfield code="9">28278</subfield>
  </datafield>
  <datafield tag="245" ind1="1" ind2="0">
    <subfield code="a">C&#xF3;dice borb&#xF3;nico</subfield>
    <subfield code="b">manuscrito mexicano de la Biblioteca del palais bourbon : libro adivinatorio y ritual ilustrado publicado en facsimil</subfield>
  </datafield>
  <datafield tag="260" ind1=" " ind2=" ">
    <subfield code="a">[M&#xE9;xico</subfield>
    <subfield code="b">Siglo Veintiuno XXI</subfield>
    <subfield code="c">1980]</subfield>
  </datafield>
  <datafield tag="300" ind1=" " ind2=" ">
    <subfield code="a">1 portafoloio</subfield>
    <subfield code="b">il., 36 l&#xE1;minas a color</subfield>
    <subfield code="c">40 cm.</subfield>
    <subfield code="e">+ 1 libro</subfield>
  </datafield>
  <datafield tag="440" ind1=" " ind2="0">
    <subfield code="a">Am&#xE9;rica nuestra. Am&#xE9;rica antigua</subfield>
    <subfield code="v">21a-21b</subfield>
    <subfield code="9">28279</subfield>
  </datafield>
  <datafield tag="500" ind1=" " ind2=" ">
    <subfield code="a">Au671</subfield>
  </datafield>
  <datafield tag="500" ind1=" " ind2=" ">
    <subfield code="a">Suplemento: &#xB4;Descripci&#xF3;n, historia y exposici&#xF3;n del C&#xF3;dice Borb&#xF3;nico (edici&#xF3;n facsimilar) / por Francisco del Paso y Troncoso, con un comentario explicativo por E.-T. Hamy. xlviii, 429 p. ; 22 cm.</subfield>
  </datafield>
  <datafield tag="630" ind1="0" ind2="4">
    <subfield code="a">C&#xF3;dice borb&#xF3;nico</subfield>
    <subfield code="9">28278</subfield>
  </datafield>
  <datafield tag="650" ind1="1" ind2="4">
    <subfield code="a">Manuscritos mexicanos</subfield>
    <subfield code="v">Facs&#xED;miles</subfield>
    <subfield code="9">23649</subfield>
  </datafield>
  <datafield tag="650" ind1="1" ind2="4">
    <subfield code="a">Ind&#xED;genas de M&#xE9;xico</subfield>
    <subfield code="x">Lenguas - Escritura</subfield>
    <subfield code="9">28280</subfield>
  </datafield>
  <datafield tag="650" ind1="1" ind2="4">
    <subfield code="a">Aztecas</subfield>
    <subfield code="x">Ritos y ceremonias</subfield>
    <subfield code="9">28281</subfield>
  </datafield>
  <datafield tag="700" ind1="1" ind2=" ">
    <subfield code="a">Paso y Troncoso, Francisco del</subfield>
    <subfield code="d">1842-1916</subfield>
    <subfield code="t">Descripci&#xF3;n, historia y exposici&#xF3;n del C&#xF3;dice Borb&#xF3;nico</subfield>
    <subfield code="9">28282</subfield>
  </datafield>
  <datafield tag="700" ind1="1" ind2=" ">
    <subfield code="a">Hamy, E. T.</subfield>
    <subfield code="d">1842-1908</subfield>
    <subfield code="q">(Ernest The&#xEC;odore)</subfield>
    <subfield code="9">28283</subfield>
  </datafield>
  <datafield tag="902" ind1=" " ind2=" ">
    <subfield code="a">GRL</subfield>
  </datafield>
  <datafield tag="942" ind1=" " ind2=" ">
    <subfield code="2">lcc</subfield>
    <subfield code="c">B</subfield>
  </datafield>
  <datafield tag="999" ind1=" " ind2=" ">
    <subfield code="c">10748</subfield>
    <subfield code="d">10748</subfield>
  </datafield>
  <datafield tag="952" ind1=" " ind2=" ">
    <subfield code="0">0</subfield>
    <subfield code="1">0</subfield>
    <subfield code="4">0</subfield>
    <subfield code="7">0</subfield>
    <subfield code="a">BRL</subfield>
    <subfield code="b">BRL</subfield>
    <subfield code="d">2015-08-19</subfield>
    <subfield code="i">Au671</subfield>
    <subfield code="l">0</subfield>
    <subfield code="o">F1219.56 .C63 1980 (Au671)</subfield>
    <subfield code="p">GRL02150</subfield>
    <subfield code="r">2019-03-22 00:00:00</subfield>
    <subfield code="w">2019-03-22</subfield>
    <subfield code="y">B</subfield>
  </datafield>
</record>
